<?xml version="1.0" encoding="UTF-8"?>
<record
    xmlns:xsi="http://www.w3.org/2001/XMLSchema-instance"
    xsi:schemaLocation="http://www.loc.gov/MARC21/slim http://www.loc.gov/standards/marcxml/schema/MARC21slim.xsd"
    xmlns="http://www.loc.gov/MARC21/slim">

  <leader>05050cam a2200433   4500500</leader>
  <controlfield tag="005">20260517000325.0</controlfield>
  <datafield tag="041" ind1=" " ind2=" ">
    <subfield code="a">fre</subfield>
  </datafield>
  <datafield tag="042" ind1=" " ind2=" ">
    <subfield code="a">dc</subfield>
  </datafield>
  <datafield tag="100" ind1="1" ind2="0">
    <subfield code="a">Keriel-Gascou, Maud</subfield>
    <subfield code="e">author</subfield>
  </datafield>
  <datafield tag="700" ind1="1" ind2="0">
    <subfield code="a">Badet-Phan, Aur&#xE9;lie</subfield>
    <subfield code="e">author</subfield>
  </datafield>
  <datafield tag="700" ind1="1" ind2="0">
    <subfield code="a">Le Pogam, Marie Annick</subfield>
    <subfield code="e">author</subfield>
  </datafield>
  <datafield tag="700" ind1="1" ind2="0">
    <subfield code="a">Figon, Sophie</subfield>
    <subfield code="e">author</subfield>
  </datafield>
  <datafield tag="700" ind1="1" ind2="0">
    <subfield code="a">Letrilliart, Laurent</subfield>
    <subfield code="e">author</subfield>
  </datafield>
  <datafield tag="700" ind1="1" ind2="0">
    <subfield code="a">Gueyffier, Fran&#xE7;ois</subfield>
    <subfield code="e">author</subfield>
  </datafield>
  <datafield tag="700" ind1="1" ind2="0">
    <subfield code="a">Chaneli&#xE9;re, Marc</subfield>
    <subfield code="e">author</subfield>
  </datafield>
  <datafield tag="700" ind1="1" ind2="0">
    <subfield code="a">Buchet-Poyau, Karine</subfield>
    <subfield code="e">author</subfield>
  </datafield>
  <datafield tag="700" ind1="1" ind2="0">
    <subfield code="a">Duclos, Antoine</subfield>
    <subfield code="e">author</subfield>
  </datafield>
  <datafield tag="700" ind1="1" ind2="0">
    <subfield code="a">Colin, Cyrille</subfield>
    <subfield code="e">author</subfield>
  </datafield>
  <datafield tag="245" ind1="0" ind2="0">
    <subfield code="a">Information et participation active des patients &#xE0; l'aide d'une brochure interactive lors de la prescription d'antihypertenseurs en soins primaires</subfield>
  </datafield>
  <datafield tag="260" ind1=" " ind2=" ">
    <subfield code="c">2013.
							</subfield>
  </datafield>
  <datafield tag="500" ind1=" " ind2=" ">
    <subfield code="a">99</subfield>
  </datafield>
  <datafield tag="520" ind1=" " ind2=" ">
    <subfield code="a">Objectif&#xA0;: la prescription m&#xE9;dicamenteuse en soins primaires serait responsable d&#x2019;effets ind&#xE9;sirables chez 25&#xA0;% des patients avec des cons&#xE9;quences graves dans 13&#xA0;% des cas. Notre objectif a &#xE9;t&#xE9; d&#x2019;&#xE9;laborer une brochure interactive permettant d&#x2019;informer et d&#x2019;impliquer le patient en vue de pr&#xE9;venir les effets ind&#xE9;sirables m&#xE9;dicamenteux. M&#xE9;thodes&#xA0;: le processus de production et d&#x2019;&#xE9;valuation de la brochure a n&#xE9;cessit&#xE9; plusieurs &#xE9;tapes&#xA0;: une revue de la litt&#xE9;rature m&#xE9;dicale internationale, une enqu&#xEA;te Delphi, une &#xE9;valuation de la lisibilit&#xE9; du texte, une &#xE9;tude qualitative de terrain, un travail linguistique, un travail d&#x2019;infographie. Pour l&#x2019;enqu&#xEA;te Delphi 27 experts (patients, m&#xE9;decins g&#xE9;n&#xE9;ralistes, praticiens de sant&#xE9; publique, cardiologues, g&#xE9;riatres, psychologue, &#xE9;conomiste, pharmaciens, infirmi&#xE8;re, &#xE9;thicien) ont &#xE9;t&#xE9; sollicit&#xE9;s. Pour l&#x2019;&#xE9;tude qualitative de terrain, un &#xE9;chantillon h&#xE9;t&#xE9;rog&#xE8;ne de sept m&#xE9;decins, treize patients et deux aidants a &#xE9;t&#xE9; constitu&#xE9;. R&#xE9;sultats&#xA0;: une brochure interactive comprenant des items d&#x2019;information sur le b&#xE9;n&#xE9;fice et les risques des antihypertenseurs et un plan de soins &#xE0; remplir par le patient suivi d&#x2019;une fiche de signalement d&#x2019;effets ind&#xE9;sirables m&#xE9;dicamenteux a &#xE9;t&#xE9; &#xE9;labor&#xE9;e. Suite &#xE0; l&#x2019;&#xE9;tude de terrain, les phrases ambigu&#xEB;s et les termes m&#xE9;dicaux peu compr&#xE9;hensibles ont &#xE9;t&#xE9; reformul&#xE9;s. Le temps n&#xE9;cessaire pour pr&#xE9;senter la brochure ainsi que sa facilit&#xE9; d&#x2019;emploi &#xE9;taient des crit&#xE8;res majeurs d&#x2019;acceptabilit&#xE9; pour les soignants. Pour les patients il &#xE9;tait n&#xE9;cessaire de mettre en &#xE9;vidence un b&#xE9;n&#xE9;fice attendu pour susciter leur int&#xE9;r&#xEA;t vis-&#xE0;-vis de la brochure. Conclusion&#xA0;: le processus de d&#xE9;veloppement utilis&#xE9; a permis d&#x2019;&#xE9;laborer une brochure compr&#xE9;hensible et acceptable en soins primaires pour pr&#xE9;venir les effets ind&#xE9;sirables des antihypertenseurs et leur gravit&#xE9;.</subfield>
  </datafield>
  <datafield tag="520" ind1=" " ind2=" ">
    <subfield code="a">Information and active patient participation using an interactive booklet in the prescription of antihypertensive drugs in primary care Aim: Antihypertensive drugs are thought to be responsible for adverse drug events in 25% of patients, with severe consequences in 13% of cases. The purpose of this study was to develop an interactive booklet designed to inform and involve patients with a view to preventing adverse drug events. Methods: The development of the booklet involved several stages, including a literature review, a Delphi survey, a readability assessment, a qualitative study in primary care, a revision process, and graphic design work. 27 experts (patients, general practitioners, public health practitioners, cardiologists, geriatricians, psychologists, economists, pharmacists, nurses and ethicists) participated in the Delphi survey, while the qualitative study was based on a sample that included 7 doctors, 13 patients and 2 healthcare assistants. Results: We developed an interactive booklet containing information items on the benefits and risks of antihypertensive drugs, a care plan to be completed by the patient, and a form for reporting adverse drug events. Ambiguous sentences and incomprehensible medical terms were rephrased. The time required to present the booklet and ease of use were key acceptability criteria for caregivers. Among the patients, the study found that interest in the booklet required clear evidence of an expected benefit. Conclusion: An understandable and acceptable interactive booklet was developed using a systematic process to prevent severe adverse drug events in primary care.</subfield>
  </datafield>
  <datafield tag="690" ind1=" " ind2=" ">
    <subfield code="a">antihypertenseurs</subfield>
  </datafield>
  <datafield tag="690" ind1=" " ind2=" ">
    <subfield code="a">&#xE9;ducation en sant&#xE9;</subfield>
  </datafield>
  <datafield tag="690" ind1=" " ind2=" ">
    <subfield code="a">effet ind&#xE9;sirable m&#xE9;dicamenteux</subfield>
  </datafield>
  <datafield tag="690" ind1=" " ind2=" ">
    <subfield code="a">hypertension art&#xE9;rielle</subfield>
  </datafield>
  <datafield tag="690" ind1=" " ind2=" ">
    <subfield code="a">soins de sant&#xE9; primaires</subfield>
  </datafield>
  <datafield tag="690" ind1=" " ind2=" ">
    <subfield code="a">adverse drug events</subfield>
  </datafield>
  <datafield tag="690" ind1=" " ind2=" ">
    <subfield code="a">antihypertensive agents</subfield>
  </datafield>
  <datafield tag="690" ind1=" " ind2=" ">
    <subfield code="a">consumer health information</subfield>
  </datafield>
  <datafield tag="690" ind1=" " ind2=" ">
    <subfield code="a">Delphi technique</subfield>
  </datafield>
  <datafield tag="690" ind1=" " ind2=" ">
    <subfield code="a">health education</subfield>
  </datafield>
  <datafield tag="690" ind1=" " ind2=" ">
    <subfield code="a">hypertension</subfield>
  </datafield>
  <datafield tag="690" ind1=" " ind2=" ">
    <subfield code="a">patient education handout</subfield>
  </datafield>
  <datafield tag="690" ind1=" " ind2=" ">
    <subfield code="a">primary care</subfield>
  </datafield>
  <datafield tag="786" ind1="0" ind2=" ">
    <subfield code="n">Sant&#xE9; Publique | 25 | 2 | 2013-05-29 | p. 193-201 | 0995-3914</subfield>
  </datafield>
  <datafield tag="856" ind1="4" ind2="1">
    <subfield code="u">https://stm.cairn.info/revue-sante-publique-2013-2-page-193?lang=fr&amp;redirect-ssocas=7080</subfield>
  </datafield>
  <datafield tag="999" ind1=" " ind2=" ">
    <subfield code="c">2231327</subfield>
    <subfield code="d">2231327</subfield>
  </datafield>
</record>
